000 00651nam a2200265Ia 4500
003 OSt
005 20221007103830.0
006 a|||||r|||| 00| 0
007 ta
008 221006b |||||||| |||| 00| 0 eng d
024 _a14,173
037 _cTextual
040 _aLCO
_cLCO
_beng
041 _2eng
_aeng
082 _aZ2,98:1, M6
100 _aHargopal
245 0 _aIndian Draftsman
250 _a7th
260 _aAllahabad
_bUniversity Book Agency India
_c1986
300 _a1017-1816
490 _vVol.2
650 _aDRAFTSMAN
_9705600
942 _hZ2,98:1, M6
_cTEXL
999 _c1183736
_d1183736